Statistiques concernant Culture Générale - Série 1160

Cliquez ici pour prendre le quiz!

Statistiques générales

  • Ce quiz a été pris 33 fois
  • Le résultat moyen est 3 sur 10

Statistiques - réponses

QuestionRéponse% Correct
Dans quel pays actuel se trouvait la ville d'Halicarnasse, siège d'une des sept Merveilles du monde ?Turquie
63%
Qui a été le premier chancelier de l'Allemagne réunifiée en 1990 ?Helmut Kohl
56%
En 1888, avec quel peintre Van Gogh aurait-il eu une violente dispute avant de se mutiler l'oreille ?Paul Gauguin
50%
Sur un voilier, quel nom d'épice porte la partie du gouvernail sur laquelle s'exerce la pression de l'eau ?safran
38%
Quel artiste flamand surnommé l'Ancien, a peint le tableau "Les Mendiants" au XVIe siècle ?Bruegel
28%
Comment appelle-t-on les habitants de Béziers ?Biterrois
25%
Quel roman d'Émile Zola, 7e volume du cycle des Rougon-Macquart, met en scène Gervaise et Coupeau ?L'Assommoir
22%
A quel compositeur doit-on l'opéra "Tristan et Isolde", en 1865 ?Richard Wagner
19%
Quelle encre noire est composée d'un mélange de noir de fumée, de gélatine et de camphre ?L'encre de Chine
19%
Dans le film "Podium", quelle animatrice de télévision joue son propre rôle ?Evelyne Thomas
9%

Distribution des résultats

Percentile par nombre de réponses

% des personnes avec chaque résultat

Votre développement - résultats

Vous n’avez pas pris ce quiz